Pays du monde contenant trois U - Statistiques

Statistiques générales
  • Ce quiz a été pris 177 fois
  • Le résultat moyen est 3 sur 6
Statistiques - réponses
Pays % Correct
Uruguay
84%
Papouasie-Nouvelle-Guinée
54%
République démocratique du Congo
51%
République tchèque
32%
Afrique du Sud
31%
Soudan du Sud
23%
Aucun quiz correspondant
Distribution des résultats
% des personnes avec chaque résultat
Percentile par nombre de réponses
Votre historique - résultats
Vous n’avez pas pris ce quiz